LEADER 01300nam a2200301 i 4500 001 000000117189 003 CaOOAMICUS 005 20030718000000.0 008 030718s1989 it u000 u ita u 013 $a89878 020 $a88-204-3254-4 040 $aSeMil$bita 245 10$aFuori dal gioco :$bformazione e lavoro per i giovani «drop out» /$ca cura di Davide Micco e Piergiorgio Reggio. 260 $aMilano :$bFranco Angeli,$c1989. 300 $a299 p. :$bill, tabelle e grafici ;$c22 cm. 490 0 $aQuaderni di Skill ;$v1 500 $aFondo Card. C.M. Martini. 650 4$aFanciulli disadattati - Rieducazione.$0(OLS)http://semarc/subject/14806 700 1 $aReggio, Piergiorgio.$0(OLS)http://semarc/name/48906 700 1 $aMicco, Davide.$0(OLS)http://semarc/name/48905 830 0$aQuaderni di Skill ;$v1.$0(OLS)http://semarc/title/12834 850 $aSeMil 852 $aSeMil$W1$xVenegono$y1$m2Q III 46$j72589$B72589$CSeMilBibl$Z2$F85536 $81 941 1 $a4 961 $aOmaggio: Martini Card. Carlo Maria 996 $6020$a88-204-3254-4$9(OLS)http://semarc/number/101515 996 $6245$aFuori dal gioco :$bformazione e lavoro per i giovani «drop out»$9(OLS)http://semarc/title/172004 996 $6260$aMilano :$bFranco Angeli$9(OLS)http://semarc/publisher/30369 LEADER 01086nam a2200265 i 4500 001 000000127885 003 CaOOAMICUS 005 20070607000000.0 008 070607s1987 it u000 u ita u 013 $a100601 040 $aSeMil$bita 100 1 $aWest, Morris,$d<1916-1999>.$0(OLS)http://semarc/name/39157 245 12$aL'arcicorruttore /$cMorris West ; Traduzione di Marina Marazza. 246 04$iTitolo in copertina:$aL'arcicorruttore : romanzo 260 $aNovara :$bIstituto Geografico De Agostini,$cCopyr. 1987. 300 $a268 p. ;$c23 cm. 500 $aFondo card. C.M. Martini. 700 1 $aMarazza, Marina,$d<1957- >.$0(OLS)http://semarc/name/53209 850 $aSeMil 852 $aSeMil$W1$xVenegono$y1$m1U IV 50$j82135$B82135$CSeMilBibl$Z2$F124537 $81 941 1 $a4 961 $aOmaggio: Martini Card. Carlo Maria 996 $6245$aL'arcicorruttore$9(OLS)http://semarc/title/188840 996 $6246$aL'arcicorruttore : romanzo$9(OLS)http://semarc/title/188841 996 $6260$aNovara :$bIstituto Geografico De Agostini$9(OLS)http://semarc/publisher/31865